[Event "7. LGA Premium Cup"]
[Site "Nürnberg"]
[Date "2010.09.05"]
[Round "7.1"]
[White "Ftacnik, Lubomir"]
[Black "Bluvshtein, Mark"]
[Result "1-0"]
[WhiteElo "2568"]
[BlackElo "2583"]
[PlyCount "107"]
[EventDate "2010.09.02"]
[WhiteTeam "Hamburger SK von 1830 eV"]
[BlackTeam "Canada"]

1. Nf3 d5 2. d4 Nf6 3. c4 c6 4. e3 Bg4 5. Nc3 e6 6. h3 Bxf3 7. Qxf3 Nbd7 8. Bd3
Be7 9. O-O O-O 10. Rd1 a6 11. a3 Qc7 12. Bd2 dxc4 13. Bxc4 c5 14. Ba2 cxd4 15.
exd4 Nb6 16. Bf4 Qd7 17. d5 Nfxd5 18. Nxd5 Nxd5 19. Bxd5 exd5 20. Rxd5 Qe6 21.
Rad1 b5 22. Bd6 Bxd6 23. Rxd6 Qe5 24. Qxa8 Rxa8 25. Rd8+ Qe8 26. Rxe8+ Rxe8 27.
Rd6 Kf8 28. f4 Re2 29. b4 Re6 30. Rxe6 fxe6 31. Kf2 Ke7 32. Ke3 Kd7 33. g4 Ke7
34. Ke4 Kd7 35. Kd4 Kc6 36. Ke5 Kd7 37. h4 Ke7 38. h5 Kf7 39. Kd6 Kf6 40. Kc5
e5 41. g5+ Kf5 42. fxe5 Kxe5 43. Kb6 Kf5 44. h6 g6 45. Kxa6 Kxg5 46. Kxb5 Kh5
47. Kc4 g5 48. Kd3 Kh4 49. b5 g4 50. b6 g3 51. b7 g2 52. b8=Q g1=Q 53. Qf4+ Kh5
54. Qe5+ 1-0

[Event "7. LGA Premium Cup"]
[Site "Nürnberg"]
[Date "2010.09.05"]
[Round "7.4"]
[White "Eisenbeiser, Amadeus"]
[Black "Bischoff, Klaus"]
[Result "1/2-1/2"]
[WhiteElo "2397"]
[BlackElo "2553"]
[PlyCount "49"]
[EventDate "2010.09.02"]
[WhiteTeam "BG Buchen"]
[BlackTeam "Sportfreunde Katernberg 1913 e.V"]

1. e4 c5 2. Nf3 d6 3. d4 cxd4 4. Nxd4 Nf6 5. Nc3 a6 6. Be3 e5 7. Nf3 h6 8. Bc4
Be7 9. O-O O-O 10. Bd5 Nbd7 11. Qd2 Ng4 12. a4 Qc7 13. Ba2 Ndf6 14. h3 Nxe3 15.
Qxe3 Be6 16. Rfd1 Rac8 17. Ne1 Qc5 18. Qxc5 Rxc5 19. f3 Rfc8 20. Nd3 R5c7 21.
Nb4 Kf8 22. a5 Rc5 23. Nd3 R5c7 24. Nb4 Rc5 25. Nd3 1/2-1/2

[Event "7. LGA Premium Cup"]
[Site "Nürnberg"]
[Date "2010.09.05"]
[Round "7.5"]
[White "Braun, Arik"]
[Black "Hoffmann, Michael"]
[Result "1/2-1/2"]
[WhiteElo "2538"]
[BlackElo "2510"]
[PlyCount "40"]
[EventDate "2010.09.02"]
[WhiteTeam "SC Eppingen"]
[BlackTeam "Schachgesellschaft Solingen e.V."]

1. d4 d5 2. Nf3 Nf6 3. e3 c5 4. dxc5 e6 5. a3 Bxc5 6. c4 a6 7. cxd5 exd5 8. Be2
O-O 9. O-O Nc6 10. b4 Ba7 11. Bb2 Re8 12. Nbd2 d4 13. exd4 Nxd4 14. Nxd4 Bxd4
15. Bxd4 Qxd4 16. Nc4 Qxd1 17. Bxd1 Be6 18. Nd6 Re7 19. Bf3 Bd5 20. Bxd5 Nxd5
1/2-1/2

[Event "7. LGA Premium Cup"]
[Site "Nürnberg"]
[Date "2010.09.05"]
[Round "7.6"]
[White "Donchenko, Anatoly"]
[Black "Hector, Jonny"]
[Result "1-0"]
[WhiteElo "2363"]
[BlackElo "2592"]
[PlyCount "69"]
[EventDate "2010.09.02"]
[WhiteTeam "SK 1858 Gießen"]
[BlackTeam "Schachklub Turm Emsdetten e.V."]

1. Nf3 d5 2. d4 Nf6 3. c4 c6 4. cxd5 cxd5 5. Nc3 Nc6 6. Bf4 Bf5 7. e3 e6 8. Bd3
Bxd3 9. Qxd3 Be7 10. h3 Nd7 11. O-O Rc8 12. Rac1 a6 13. Ne5 Ndxe5 14. Bxe5 O-O
15. Bg3 Qa5 16. Rfd1 b5 17. Qb1 b4 18. Ne2 Qb5 19. Nf4 Na5 20. Rxc8 Rxc8 21.
Rc1 Rxc1+ 22. Qxc1 Qc4 23. Nd3 h5 24. Qb1 h4 25. Bf4 f6 26. g4 b3 27. axb3 Nxb3
28. Qd1 a5 29. Kg2 g5 30. Bxg5 fxg5 31. Ne5 Qb5 32. Qc2 Bf8 33. Qg6+ Bg7 34.
Qf7+ Kh7 35. Nd7 1-0

[Event "7. LGA Premium Cup"]
[Site "Nürnberg"]
[Date "2010.09.05"]
[Round "7.7"]
[White "Baramidze, David"]
[Black "Fedorovsky, Michael"]
[Result "1-0"]
[WhiteElo "2542"]
[BlackElo "2411"]
[PlyCount "67"]
[EventDate "2010.09.02"]
[WhiteTeam "Hamburger SK von 1830 eV"]
[BlackTeam "SC Tarrasch 45 München"]

1. Nf3 f5 2. c4 Nf6 3. Nc3 d6 4. d4 g6 5. g3 Bg7 6. Bg2 O-O 7. O-O Qe8 8. Re1
Qf7 9. Qb3 h6 10. Nd5 Nxd5 11. cxd5 c6 12. e4 fxe4 13. Rxe4 cxd5 14. Rf4 Qe6
15. Ne5 dxe5 16. Bxd5 exf4 17. Bxe6+ Bxe6 18. Qxe6+ Kh7 19. Bxf4 Nc6 20. d5 Nd4
21. Qxe7 Rae8 22. Qxb7 Ne2+ 23. Kf1 Nxf4 24. gxf4 Rxf4 25. Rd1 Ref8 26. Qxa7
R4f7 27. Qb6 Bf6 28. d6 Bh4 29. Rd2 Bg5 30. Rc2 Bd8 31. Qd4 Rf4 32. Qa7+ R8f7
33. Rc7 Bxc7 34. dxc7 1-0

[Event "7. LGA Premium Cup"]
[Site "Nürnberg"]
[Date "2010.09.05"]
[Round "7.8"]
[White "Seyb, Alexander"]
[Black "Bindrich, Falko"]
[Result "0-1"]
[WhiteElo "2294"]
[BlackElo "2507"]
[PlyCount "96"]
[EventDate "2010.09.02"]
[WhiteTeam "SC Forchheim e.V."]
[BlackTeam "SC Eppingen"]

1. e4 e5 2. Nf3 Nc6 3. Bb5 a6 4. Ba4 Nf6 5. O-O Be7 6. Re1 b5 7. Bb3 d6 8. c3
O-O 9. h3 Nb8 10. d4 Nbd7 11. Nbd2 Bb7 12. Bc2 Re8 13. Nf1 Bf8 14. Ng3 g6 15.
a4 Bg7 16. Bd3 c6 17. Bg5 Qc7 18. Qd2 Nf8 19. Red1 Ne6 20. Be3 Red8 21. Qc2 Nd7
22. Bf1 Nb6 23. b3 Rab8 24. Rab1 Ba8 25. Qa2 Nd7 26. b4 Nb6 27. a5 Nd7 28. Rbc1
Rdc8 29. c4 exd4 30. Nxd4 Nxd4 31. Bxd4 Bxd4 32. Rxd4 bxc4 33. Bxc4 Ne5 34. Bf1
h5 35. Bxa6 Qa7 36. Rxd6 Qxa6 37. f4 Qa7+ 38. Kh2 h4 39. Ne2 Qe7 40. Rcd1 c5
41. fxe5 Qxe5+ 42. Kh1 Bxe4 43. bxc5 Rb2 44. Rd8+ Rxd8 45. Rxd8+ Kg7 46. Qc4
Bxg2+ 47. Kxg2 Rxe2+ 48. Kf1 Re1+ 0-1

[Event "7. LGA Premium Cup"]
[Site "Nürnberg"]
[Date "2010.09.05"]
[Round "7.9"]
[White "Prusikin, Michael"]
[Black "Mainka, Romuald"]
[Result "1-0"]
[WhiteElo "2522"]
[BlackElo "2483"]
[PlyCount "72"]
[EventDate "2010.09.02"]
[WhiteTeam "SC Forchheim e.V."]
[BlackTeam "Schachclub Hansa Dortmund e.V."]

1. d4 f5 2. c4 Nf6 3. Nc3 e6 4. Nf3 Bb4 5. Bd2 O-O 6. g3 b6 7. Bg2 Bb7 8. O-O
a5 9. Rc1 Na6 10. Bg5 Bxc3 11. Rxc3 Qe8 12. Bxf6 Rxf6 13. Qd2 d6 14. Ne1 Bxg2
15. Nxg2 e5 16. Rd1 Nb4 17. dxe5 dxe5 18. c5 b5 19. Ne3 Rf7 20. Nd5 Nc6 21. Ne3
f4 22. Nc2 b4 23. Rd3 e4 24. Rd7 e3 25. Qd5 exf2+ 26. Kxf2 fxg3+ 27. Kxg3 Qe5+
28. Qxe5 Nxe5 29. Rd8+ Rf8 30. Rxa8 Rxa8 31. Rd5 Re8 32. Nd4 a4 33. c6 Kf7 34.
Rb5 Nxc6 35. Nxc6 Rxe2 36. Rxb4 a3 1-0

[Event "7. LGA Premium Cup"]
[Site "Nürnberg"]
[Date "2010.09.05"]
[Round "7.10"]
[White "Boguslavskyy, Oleg"]
[Black "Köpke, Christian"]
[Result "1-0"]
[WhiteElo "2485"]
[BlackElo "2358"]
[PlyCount "107"]
[EventDate "2010.09.02"]
[WhiteTeam "SV Hockenheim"]
[BlackTeam "SC Tarrasch 45 München"]

1. e4 c5 2. Nf3 d6 3. d4 cxd4 4. Nxd4 Nf6 5. Nc3 g6 6. Be2 Bg7 7. O-O O-O 8. f4
Nc6 9. Nb3 b5 10. Bf3 b4 11. Nd5 Bb7 12. Re1 Nd7 13. a3 bxa3 14. Rxa3 a5 15. c3
e6 16. Ne3 a4 17. Nd2 Nc5 18. Ndc4 Ba6 19. Qxd6 Qxd6 20. Nxd6 Nd3 21. Rd1 Nxf4
22. Nec4 Ne5 23. Nxe5 Bxe5 24. Bxf4 Bxf4 25. e5 Ra7 26. Rxa4 Be3+ 27. Kh1 Be2
28. Rxa7 Bxd1 29. Rc7 Bb3 30. g3 Bh6 31. Rb7 Bc2 32. b4 Bg7 33. Rb5 Rd8 34. c4
Bxe5 35. Nxf7 Kxf7 36. Rxe5 Bd3 37. Be2 Bf5 38. g4 Bc2 39. g5 Rd4 40. Kg2 Bb3
41. Rc5 Ke7 42. b5 Kd6 43. Rc8 Kd7 44. Rc6 Rf4 45. Kg3 Re4 46. Kf2 Rh4 47. c5
Rxh2+ 48. Ke3 Rh3+ 49. Kd2 Rh2 50. Rd6+ Ke7 51. Ke3 Bd5 52. Bd3 Ra2 53. Rb6 Ra3
54. Kd4 1-0

[Event "7. LGA Premium Cup"]
[Site "Nürnberg"]
[Date "2010.09.05"]
[Round "7.11"]
[White "Zaragatski, Ilja"]
[Black "Seifert, Volker"]
[Result "1-0"]
[WhiteElo "2490"]
[BlackElo "2332"]
[PlyCount "119"]
[EventDate "2010.09.02"]
[WhiteTeam "Sportfreunde Katernberg 1913 e.V"]
[BlackTeam "USV TU Dresden"]

1. Nf3 e6 2. g3 Nf6 3. Bg2 d5 4. O-O Be7 5. c4 O-O 6. d4 c6 7. Nc3 Nbd7 8. Qd3
b6 9. e4 Ba6 10. b3 Rc8 11. Rd1 c5 12. exd5 exd5 13. dxc5 dxc4 14. bxc4 Rxc5
15. Nb5 Bxb5 16. cxb5 Rd5 17. Nd4 Ne5 18. Qc3 Rc5 19. Qe1 Qc8 20. Nc6 Nxc6 21.
bxc6 Re8 22. Ba3 Bf8 23. Qd2 Rce5 24. Bxf8 Kxf8 25. Rac1 Qc7 26. Kf1 Ne4 27.
Qd7 Qxd7 28. Rxd7 Nc5 29. Rd2 Ke7 30. f4 Re6 31. Rxc5 bxc5 32. Rd7+ Kf6 33. c7
Re1+ 34. Kf2 R1e2+ 35. Kf3 h5 36. f5 Kxf5 37. Bh3+ Kf6 38. Rd6+ Kg5 39. Rd3 c4
40. Rc3 R2e6 41. Bxe6 fxe6 42. Rxc4 Rc8 43. Ke4 Kf6 44. h3 g6 45. g4 hxg4 46.
hxg4 g5 47. Rc6 a5 48. a4 Ke7 49. Ke5 Kd7 50. Rc1 Ke7 51. Rh1 Kd7 52. Rh7+ Kc6
53. Kxe6 Re8+ 54. Re7 Rf8 55. Rf7 Re8+ 56. Kf6 Kb7 57. Kxg5 Re4 58. Rf4 Re1 59.
Rc4 Kc8 60. Kf6 1-0

[Event "7. LGA Premium Cup"]
[Site "Nürnberg"]
[Date "2010.09.05"]
[Round "7.12"]
[White "Maiwald, Jens-Uwe"]
[Black "Schramm, Christian"]
[Result "1/2-1/2"]
[WhiteElo "2483"]
[BlackElo "2322"]
[PlyCount "27"]
[EventDate "2010.09.02"]
[WhiteTeam "USV TU Dresden"]
[BlackTeam "SC 1959 Obernau"]

1. d4 g6 2. e4 Bg7 3. c3 d6 4. Nf3 e5 5. dxe5 dxe5 6. Qxd8+ Kxd8 7. Ng5 Nh6 8.
Bc4 Ke7 9. f4 f6 10. Nf3 Nf7 11. fxe5 fxe5 12. O-O Be6 13. Na3 Nd7 14. Be3
1/2-1/2

[Event "7. LGA Premium Cup"]
[Site "Nürnberg"]
[Date "2010.09.05"]
[Round "7.13"]
[White "Rotstein, Jefim"]
[Black "Rau, Hannes"]
[Result "0-1"]
[WhiteElo "2310"]
[BlackElo "2464"]
[PlyCount "100"]
[EventDate "2010.09.02"]
[WhiteTeam "Ford-Schachfreunde Köln e.V."]
[BlackTeam "SV Hockenheim"]

1. d4 Nf6 2. Nf3 e6 3. e3 c5 4. Bd3 Nc6 5. O-O d5 6. b3 Qc7 7. Bb2 cxd4 8. exd4
Nb4 9. Bb5+ Bd7 10. Bxd7+ Nxd7 11. Nc3 a6 12. Re1 Be7 13. Qd2 O-O 14. a3 Nc6
15. Ne2 Nf6 16. Ng3 Rac8 17. Re2 Rfd8 18. Ne5 Ne4 19. Nxe4 dxe4 20. Qe3 f5 21.
Nxc6 Qxc6 22. Rf1 h6 23. f3 Bg5 24. Qf2 e3 25. Qg3 f4 26. Qg4 Qd6 27. Rd1 b5
28. Rd3 Rf8 29. g3 Rf5 30. h4 Bf6 31. Qg6 Rf8 32. g4 Rd5 33. c4 bxc4 34. bxc4
Ra5 35. Bc3 Rxa3 36. g5 Rxc3 37. Rxc3 Bxd4 38. Rd3 h5 39. Kg2 Rb8 40. Qxh5 Qc5
41. Rc2 Qf5 42. Rxd4 Qxc2+ 43. Kh3 Qf5+ 44. Qg4 e2 45. Re4 Qxe4 46. fxe4 e1=Q
47. Qxe6+ Kh8 48. Kg4 Rf8 49. Kh5 Qd1+ 50. Kg6 Qd8 0-1

[Event "7. LGA Premium Cup"]
[Site "Nürnberg"]
[Date "2010.09.05"]
[Round "7.15"]
[White "Wagner, Florian"]
[Black "Hirneise, Tobias"]
[Result "0-1"]
[WhiteElo "2306"]
[BlackElo "2436"]
[PlyCount "69"]
[EventDate "2010.09.02"]
[WhiteTeam "SC Noris-Tarrasch Nürnberg 1873"]
[BlackTeam "Schachverein Wattenscheid 1930"]

1. c4 g6 2. Nc3 Bg7 3. Nf3 c5 4. d4 cxd4 5. Nxd4 Nc6 6. e3 Nf6 7. Be2 O-O 8.
O-O Nxd4 9. Qxd4 d6 10. Qd1 Be6 11. Bd2 d5 12. c5 Rc8 13. Qa4 a6 14. Qa3 Qc7
15. Na4 Ng4 16. f4 d4 17. e4 d3 18. Bxd3 Bd4+ 19. Kh1 Nf2+ 20. Rxf2 Bxf2 21. b4
Rcd8 22. Rf1 Qd7 23. Nb2 Bd4 24. Bc3 Bxc3 25. Qxc3 Qd4 26. Qxd4 Rxd4 27. a3
Rfd8 28. Rf3 Bc4 29. Bc2 Be2 30. Rc3 f5 31. exf5 Rxf4 32. g3 Rf3 33. Bb3+ Kg7
34. f6+ exf6 35. Re3 0-1

[Event "7. LGA Premium Cup"]
[Site "Nürnberg"]
[Date "2010.09.05"]
[Round "7.16"]
[White "Farago, Ivan"]
[Black "Sobolevsky, Leonid"]
[Result "1-0"]
[WhiteElo "2420"]
[BlackElo "2252"]
[PlyCount "57"]
[EventDate "2010.09.02"]
[WhiteTeam "SC Rottal"]
[BlackTeam "Schachzirkel Elstertal Langenber"]

1. d4 Nf6 2. c4 e6 3. Nf3 c5 4. d5 b5 5. Bg5 d6 6. e4 Be7 7. Nbd2 O-O 8. dxe6
fxe6 9. cxb5 Bb7 10. Bd3 Nh5 11. Bxe7 Qxe7 12. g3 Nd7 13. O-O d5 14. Qe2 Qf6
15. e5 Qh6 16. Ne1 c4 17. Bc2 Rac8 18. Ng2 c3 19. bxc3 Rxc3 20. Nb3 Rxc2 21.
Qxc2 Nxe5 22. Nd4 Ng4 23. h3 Ngf6 24. Qc1 g5 25. Nxe6 Ne4 26. Nxf8 Qxf8 27. f3
Nhxg3 28. fxe4 Ne2+ 29. Kh2 1-0

[Event "7. LGA Premium Cup"]
[Site "Nürnberg"]
[Date "2010.09.05"]
[Round "7.17"]
[White "Afek, Yochanan"]
[Black "Renner, Christoph"]
[Result "0-1"]
[WhiteElo "2269"]
[BlackElo "2420"]
[PlyCount "90"]
[EventDate "2010.09.02"]
[WhiteTeam "Hamburger SK von 1830 eV"]
[BlackTeam "FC Bayern München e.V."]

1. e4 e6 2. d4 d5 3. e5 c5 4. c3 Nc6 5. Nf3 Bd7 6. Be2 f6 7. O-O fxe5 8. dxe5
Qc7 9. Bf4 Nh6 10. Re1 Nf7 11. Nbd2 Be7 12. h4 O-O 13. Bd3 Nh8 14. Bg5 Be8 15.
Bxe7 Qxe7 16. Ng5 Bg6 17. Bxg6 Nxg6 18. Qh5 h6 19. Qxg6 hxg5 20. Nf3 Rxf3 21.
gxf3 gxh4 22. c4 dxc4 23. f4 Nd4 24. Kg2 Rf8 25. Re4 b5 26. Kh3 Qb7 27. Rg1 Rf7
28. Rg5 b4 29. f3 c3 30. bxc3 bxc3 31. Kg4 c2 32. Rxd4 c1=Q 33. Rd8+ Rf8 34.
Qxe6+ Qf7 35. Rxf8+ Kxf8 36. Qd6+ Kg8 37. Qd8+ Qf8 38. Qd5+ Qf7 39. Qd8+ Kh7
40. Rh5+ Qxh5+ 41. Kxh5 Qxf4 42. Qd3+ Kg8 43. e6 c4 44. Qd8+ Kh7 45. Qe8 Qh6+
0-1

[Event "7. LGA Premium Cup"]
[Site "Nürnberg"]
[Date "2010.09.05"]
[Round "7.18"]
[White "Gutman, Lev"]
[Black "Nuber, Blasius"]
[Result "1-0"]
[WhiteElo "2419"]
[BlackElo "2243"]
[PlyCount "55"]
[EventDate "2010.09.02"]
[WhiteTeam "SC Melle 03"]
[BlackTeam "SC Dillingen"]

1. Nf3 Nf6 2. g3 b5 3. Bg2 Bb7 4. O-O e6 5. d4 Be7 6. Nbd2 Qc8 7. Re1 Ne4 8.
Nxe4 Bxe4 9. Bf1 Bxf3 10. exf3 c6 11. f4 f5 12. g4 O-O 13. gxf5 Rxf5 14. Bd3
Rf7 15. a4 b4 16. f5 exf5 17. d5 cxd5 18. Qf3 Qc6 19. Bb5 Qg6+ 20. Kh1 Qg4 21.
Qxd5 Nc6 22. Rxe7 Nxe7 23. Qxa8+ Rf8 24. Qg2 Qd1+ 25. Bf1 f4 26. f3 Rf6 27. Qe2
Rd6 28. Bxf4 1-0

[Event "7. LGA Premium Cup"]
[Site "Nürnberg"]
[Date "2010.09.05"]
[Round "7.19"]
[White "Zude, Erik"]
[Black "Siedentopf, Daniel"]
[Result "1-0"]
[WhiteElo "2406"]
[BlackElo "2240"]
[PlyCount "77"]
[EventDate "2010.09.02"]
[WhiteTeam "SV 1920 Hofheim"]
[BlackTeam "SG Grün-Weiß Dresden"]

1. d4 f5 2. g3 Nf6 3. Bg2 g6 4. Nf3 Bg7 5. O-O O-O 6. b3 d6 7. Bb2 Qe8 8. Nbd2
Nc6 9. Nc4 e6 10. Ne1 Bd7 11. Nd3 Ne4 12. e3 Kh8 13. Nd2 Nxd2 14. Qxd2 Rd8 15.
d5 Bxb2 16. dxc6 Bxa1 17. cxd7 Qxd7 18. Rxa1 Qg7 19. Re1 c6 20. c4 e5 21. Rd1
d5 22. cxd5 cxd5 23. f4 e4 24. Ne5 g5 25. Qd4 gxf4 26. exf4 b6 27. Bf1 Qf6 28.
Rc1 Kg8 29. Kf2 Qe6 30. Bb5 Qd6 31. Rc6 Qe7 32. Be2 Rf6 33. b4 Rfd6 34. Bd1 Qg7
35. Bb3 Rxc6 36. Nxc6 Qxd4+ 37. Nxd4 Rd7 38. Nxf5 Kf7 39. Ne3 1-0

[Event "7. LGA Premium Cup"]
[Site "Nürnberg"]
[Date "2010.09.05"]
[Round "7.22"]
[White "Kordts, Wolfgang"]
[Black "Grimberg, Boris"]
[Result "0-1"]
[WhiteElo "2237"]
[BlackElo "2355"]
[PlyCount "110"]
[EventDate "2010.09.02"]
[WhiteTeam "SC Postbauer-Heng e.V"]
[BlackTeam "SAbt TSV Haunstetten"]

1. d4 d5 2. c4 c6 3. Nf3 Nf6 4. Nc3 a6 5. a4 e6 6. g3 dxc4 7. Bg2 c5 8. dxc5
Qxd1+ 9. Nxd1 Nc6 10. O-O Bxc5 11. Ne3 Ke7 12. Nxc4 Rd8 13. Be3 Bxe3 14. Nxe3
Bd7 15. Rfd1 Rac8 16. Nd4 Nxd4 17. Rxd4 b5 18. axb5 Bxb5 19. Bb7 Rxd4 20. Bxc8
Rd8 21. Bb7 Bxe2 22. b4 Rb8 23. Ra2 Rxb7 24. Rxe2 Rxb4 25. Ra2 Nd5 26. Nxd5+
exd5 27. Rxa6 d4 28. Kf1 d3 29. Ke1 Re4+ 30. Kd2 Re2+ 31. Kxd3 Rxf2 32. h4 Rf3+
33. Ke4 Rxg3 34. Ra7+ Kd6 35. Rxf7 Ke6 36. Ra7 Rg4+ 37. Kf3 h5 38. Rb7 Kf6 39.
Rb6+ Kf7 40. Rb7+ Kg6 41. Rb6+ Kh7 42. Rb7 Rxh4 43. Kg3 Ra4 44. Kh3 Ra6 45. Kh4
Kh6 46. Rb5 g5+ 47. Kh3 Ra3+ 48. Kg2 h4 49. Kh2 Kh5 50. Rc5 h3 51. Rc4 Rf3 52.
Ra4 g4 53. Ra5+ Kh4 54. Ra4 Rf2+ 55. Kg1 Re2 0-1

[Event "7. LGA Premium Cup"]
[Site "Nürnberg"]
[Date "2010.09.05"]
[Round "7.23"]
[White "Unzicker, Ferdinand"]
[Black "Hirschberg, Valerian"]
[Result "1-0"]
[WhiteElo "2330"]
[BlackElo "2137"]
[PlyCount "145"]
[EventDate "2010.09.02"]
[WhiteTeam "FC Bayern München e.V."]
[BlackTeam "SV Pfinztal e. V."]

1. d4 d5 2. Nf3 Nf6 3. c4 dxc4 4. e3 a6 5. Bxc4 e6 6. O-O c5 7. Bb3 Nbd7 8. Qe2
b5 9. a4 Bb7 10. Na3 Be7 11. Rb1 b4 12. Nc4 O-O 13. a5 Bd5 14. Ra1 Qc7 15. Nfd2
cxd4 16. exd4 Rfc8 17. Ne3 Bxb3 18. Nxb3 Bd6 19. h3 Nd5 20. Bd2 N7f6 21. Rfc1
Qa7 22. Nc4 Be7 23. Ne5 Qb7 24. Qf3 Qb5 25. Qd3 Qb7 26. Kf1 Bd6 27. Nc4 Be7 28.
Rc2 Rc7 29. Rac1 Rac8 30. Ne5 Bd6 31. Rxc7 Rxc7 32. Rxc7 Nxc7 33. Nc4 Be7 34.
f3 Nfd5 35. Be1 Nb5 36. Bg3 Qc8 37. Ke2 Bh4 38. Bh2 Bd8 39. Ncd2 f5 40. Qc4
Qxc4+ 41. Nxc4 Ne7 42. Kd3 Nc6 43. Be5 Kf7 44. Nc5 Bxa5 45. Nxa5 Nxa5 46. Nxa6
b3 47. Nc5 Ke7 48. Nxb3 Nxb3 49. Kc4 N3xd4 50. Bxd4 Nc7 51. Bxg7 Kd6 52. Bh6
Nd5 53. Bd2 e5 54. b4 Nb6+ 55. Kb5 Nd5 56. Ka6 e4 57. fxe4 fxe4 58. b5 e3 59.
Be1 Kc5 60. Bg3 Nb4+ 61. Ka5 Nd5 62. Bh4 e2 63. g4 Kd6 64. Be1 h6 65. Bf2 Kc7
66. Ka6 Nb4+ 67. Ka7 Nd3 68. Bg3+ Kc8 69. b6 Nc5 70. Be1 Nb7 71. h4 Nd8 72. g5
hxg5 73. h5 1-0

[Event "7. LGA Premium Cup"]
[Site "Nürnberg"]
[Date "2010.09.05"]
[Round "7.24"]
[White "Heimrath, Reiner"]
[Black "Kersten, Uwe"]
[Result "1/2-1/2"]
[WhiteElo "2231"]
[BlackElo "2325"]
[PlyCount "93"]
[EventDate "2010.09.02"]
[WhiteTeam "SC Noris-Tarrasch Nürnberg 1873"]
[BlackTeam "Kasseler SK 1876"]

1. e4 c5 2. Nf3 e6 3. Nc3 a6 4. d4 cxd4 5. Nxd4 Qc7 6. Bd3 g6 7. O-O Bg7 8. Be3
Nf6 9. a4 d6 10. a5 O-O 11. Nb3 Nbd7 12. Na4 d5 13. Nb6 Nxb6 14. Bxb6 Qb8 15.
f3 Bd7 16. Qe2 dxe4 17. fxe4 Bc6 18. Bc5 Qe5 19. Bxf8 Rxf8 20. c3 Nxe4 21. Bxe4
Qxe4 22. Qxe4 Bxe4 23. Ra4 Bd5 24. Rb4 Rc8 25. Rd1 Rc7 26. Nd2 Bf8 27. Ra4 Rc5
28. Raa1 Bc6 29. Nf3 e5 30. Rd8 f6 31. Rad1 Kf7 32. Ng5+ fxg5 33. Rf1+ Ke6 34.
Rdxf8 Rxa5 35. R8f6+ Kd5 36. b3 Ke4 37. R6f3 g4 38. Re1+ Kd5 39. Rd3+ Ke6 40.
Rd2 e4 41. Kf2 Ra3 42. Rb1 Bd5 43. Rdb2 b5 44. Ke3 Ke5 45. Kd2 a5 46. g3 Be6
47. Ke2 1/2-1/2

[Event "7. LGA Premium Cup"]
[Site "Nürnberg"]
[Date "2010.09.05"]
[Round "7.25"]
[White "Liepold, Stefan"]
[Black "Bromberger, Stefan"]
[Result "0-1"]
[WhiteElo "2240"]
[BlackElo "2530"]
[PlyCount "88"]
[EventDate "2010.09.02"]
[WhiteTeam "SC Erlangen 48/88"]
[BlackTeam "FC Bayern München e.V."]

1. e4 c5 2. Nf3 d6 3. d4 cxd4 4. Nxd4 Nf6 5. Nc3 a6 6. Bc4 e6 7. Bb3 b5 8. O-O
Be7 9. Qf3 Qc7 10. Qg3 O-O 11. Bh6 Ne8 12. Rad1 Bd7 13. Bg5 Bxg5 14. Qxg5 b4
15. Nb1 a5 16. a4 Na6 17. Nb5 Bxb5 18. Qxb5 Nc5 19. Qc4 Nf6 20. Nd2 Rac8 21.
Qd4 Rfd8 22. Rfe1 d5 23. exd5 Nxb3 24. Nxb3 Rxd5 25. Qe3 Rxd1 26. Rxd1 Qxc2 27.
Qc1 Nd5 28. Qxc2 Rxc2 29. Rd2 Rxd2 30. Nxd2 Nb6 31. b3 e5 32. Kf1 f5 33. Ke2
Kf7 34. Kd3 Ke6 35. f4 exf4 36. Kd4 Kd6 37. Nf3 Nd7 38. Ng5 h6 39. Nf3 g5 40.
h3 Nc5 41. Kc4 Ne6 42. Kb5 g4 43. Nh4 Nd4+ 44. Kc4 Ke5 0-1

[Event "7. LGA Premium Cup"]
[Site "Nürnberg"]
[Date "2010.09.05"]
[Round "7.26"]
[White "Henrichs, Thomas"]
[Black "Kahlert, Thomas"]
[Result "1/2-1/2"]
[WhiteElo "2507"]
[BlackElo "2221"]
[PlyCount "56"]
[EventDate "2010.09.02"]
[WhiteTeam "Schachclub Hansa Dortmund e.V."]
[BlackTeam "SK Norderstedt von 1975"]

1. d4 Nf6 {[%emt 0:00:00]} 2. c4 g6 3. Nc3 d5 4. e3 Bg7 5. cxd5 Nxd5 6. Nxd5
Qxd5 7. Ne2 O-O 8. Nc3 Qd8 9. Be2 c5 10. d5 e6 11. e4 exd5 12. exd5 Nd7 13. O-O
Nf6 14. Bf4 Bf5 15. Bf3 Qd7 16. Re1 Rfe8 17. Qb3 Bg4 18. Bxg4 Nxg4 19. Bg3 Ne5
20. Rad1 c4 21. Qb5 Qxb5 22. Nxb5 Nd3 23. Rxe8+ Rxe8 24. Nd6 Rd8 25. Nxc4 Rxd5
26. Kf1 f5 27. Ne3 Rd4 28. Nc2 Rd7 1/2-1/2

[Event "7. LGA Premium Cup"]
[Site "Nürnberg"]
[Date "2010.09.05"]
[Round "7.27"]
[White "Lechtynsky, Jiri"]
[Black "Eppinger, Georg"]
[Result "1/2-1/2"]
[WhiteElo "2380"]
[BlackElo "2212"]
[PlyCount "32"]
[EventDate "2010.09.02"]
[WhiteTeam "SC Hoyerswerda"]
[BlackTeam "SGEM Dreisamtal"]

1. Nf3 Nf6 2. c4 g6 3. b3 Bg7 4. Bb2 O-O 5. g3 c6 6. Bg2 d5 7. O-O b6 8. d4 Bb7
9. Nbd2 Nbd7 10. Qc2 c5 11. dxc5 Nxc5 12. Rad1 Qc8 13. cxd5 Bxd5 14. Nc4 Qb7
15. Ne3 Be4 16. Qd2 Ne6 1/2-1/2

[Event "7. LGA Premium Cup"]
[Site "Nürnberg"]
[Date "2010.09.05"]
[Round "7.28"]
[White "Hirn, Oskar"]
[Black "Hoffmann, Ayar"]
[Result "1-0"]
[WhiteElo "2246"]
[BlackElo "1782"]
[PlyCount "59"]
[EventDate "2010.09.02"]
[WhiteTeam "SC Noris-Tarrasch Nürnberg 1873"]
[BlackTeam "SC Postbauer-Heng e.V"]

1. d4 d5 2. Bf4 e6 3. e3 c6 4. Bd3 f5 5. g4 Bd6 6. gxf5 exf5 7. Qf3 Be6 8. Bxd6
Qxd6 9. Bxf5 Bxf5 10. Qxf5 Nd7 11. Nd2 O-O-O 12. Ngf3 Nh6 13. Qh3 Kc7 14. O-O-O
Nf6 15. Rhg1 Rd7 16. Ne5 Re7 17. c4 Rg8 18. Rg3 Qe6 19. Qxe6 Rxe6 20. Rdg1 Re7
21. Rg5 g6 22. Kc2 Ne4 23. Nxe4 dxe4 24. Kd2 Rf8 25. Ke2 Nf7 26. Nxf7 Rexf7 27.
R1g2 b6 28. Re5 Kd6 29. Rxe4 Rf5 30. f4 1-0

[Event "7. LGA Premium Cup"]
[Site "Nürnberg"]
[Date "2010.09.05"]
[Round "7.29"]
[White "Nabavi, Parwis"]
[Black "Khanukov, Boris"]
[Result "1/2-1/2"]
[WhiteElo "2203"]
[BlackElo "2361"]
[PlyCount "161"]
[EventDate "2010.09.02"]
[WhiteTeam "SGEM Dreisamtal"]
[BlackTeam "Stift. Bahn-Sozialwerk Schachgr."]

1. d4 Nf6 2. Nf3 e6 3. e3 b6 4. Be2 Bb7 5. O-O Be7 6. b3 O-O 7. Bb2 c5 8. c4 d6
9. Nc3 a6 10. dxc5 bxc5 11. Qc2 Qc7 12. Rfd1 Nc6 13. a3 Rab8 14. Rab1 Na5 15.
Ba1 h6 16. e4 Rfd8 17. Bd3 Nc6 18. Ne2 Bc8 19. Bc3 e5 20. b4 Bg4 21. Bd2 Nd4
22. Nfxd4 cxd4 23. Rdc1 Qa7 24. Ng3 Rdc8 25. h3 Be6 26. Qd1 Bf8 27. Qf3 Nd7 28.
Nf5 Kh7 29. Qg3 f6 30. Nh4 g5 31. Nf5 Nb6 {[%emt 0:00:00]} 32. Nxd6 Bxd6 33. c5
Be7 34. cxb6 Qxb6 35. Qf3 Kg7 36. Qe2 Ra8 37. Rxc8 Bxc8 38. Bc4 Bd7 39. Rc1 Bb5
40. Qd1 Rc8 41. Bd5 Rxc1 42. Qxc1 Qb8 43. Qc2 Bd6 44. h4 Qc7 45. Qb3 Be2 46.
hxg5 hxg5 47. a4 Qc8 48. b5 Qg4 49. b6 Bd1 50. Qb1 Bxa4 51. b7 Bb5 52. Bb4 Bb8
53. Qc1 Bd7 54. Qc5 Qd1+ 55. Kh2 Qh5+ 56. Kg1 Qe8 57. Ba5 d3 58. Bc4 Bc6 59.
Bxa6 Bxe4 60. Qc8 Qf8 61. Bc7 d2 62. Be2 Ba7 63. Qxf8+ Kxf8 64. b8=Q+ Bxb8 65.
Bxb8 Bc2 66. Bd6+ Kf7 67. Bb4 d1=Q+ 68. Bxd1 Bxd1 69. Kf1 Ke6 70. Ke1 Bh5 71.
Kd2 f5 72. g3 Bf3 73. Ba5 f4 74. gxf4 exf4 75. Bd8 Kf5 76. Ke1 Bg2 77. Be7 g4
78. Bd6 Bc6 79. Bc7 Ke4 80. Bb8 Kf3 81. Bc7 1/2-1/2

[Event "7. LGA Premium Cup"]
[Site "Nürnberg"]
[Date "2010.09.05"]
[Round "7.31"]
[White "Bauer, Andreas"]
[Black "Levushkina, Elena"]
[Result "1/2-1/2"]
[WhiteElo "2199"]
[BlackElo "2346"]
[PlyCount "85"]
[EventDate "2010.09.02"]
[WhiteTeam "SC Postbauer-Heng e.V"]
[BlackTeam "SC Tarrasch 45 München"]

1. Nf3 d5 2. g3 Bg4 3. Bg2 c6 4. O-O Nd7 5. d4 Ngf6 6. Nbd2 e6 7. h3 Bh5 8. b3
Bd6 9. Bb2 Qb8 10. c4 O-O 11. g4 Bg6 12. Nh4 h5 13. Nxg6 fxg6 14. e4 dxe4 15.
Nxe4 Bh2+ 16. Kh1 hxg4 17. hxg4 Bf4 18. d5 exd5 19. Nxf6+ gxf6 20. cxd5 Rf7 21.
Re1 Ne5 22. dxc6 bxc6 23. Bxe5 Bxe5 24. Rc1 Qb6 25. Kg1 Rc7 26. Rxc6 Rxc6 27.
Qd5+ Kg7 28. Qxc6 Qxc6 29. Bxc6 Rd8 30. Re2 Kf8 31. Kg2 Rd4 32. f3 Bf4 33. Bb5
Rd2 34. Rxd2 Bxd2 35. Kf2 Ke7 36. Ke2 Bf4 37. Kd3 Kd6 38. Kc4 g5 39. b4 Kc7 40.
a4 a5 41. bxa5 Kb8 42. Kd5 Be5 43. a6 1/2-1/2